Studies in abundant living. (Record no. 2997)
[ view plain ]
| 000 -LEADER | |
|---|---|
| fixed length control field | 00866cam a2200253 4500 |
| 001 - CONTROL NUMBER | |
| control field | 2182299 |
| 003 - CONTROL NUMBER IDENTIFIER | |
| control field | GBCCL |
| 005 - DATE AND TIME OF LATEST TRANSACTION | |
| control field | 20241126110444.0 |
| 008 - FIXED-LENGTH DATA ELEMENTS--GENERAL INFORMATION | |
| fixed length control field | 711105m19719999ohu 000 0 eng |
| 010 ## - | |
| -- | 70176281 |
| 020 ## - INTERNATIONAL STANDARD BOOK NUMBER | |
| International Standard Book Number | 091006802X |
| 020 ## - INTERNATIONAL STANDARD BOOK NUMBER | |
| International Standard Book Number | 0910068119 (v. 2) |
| 040 ## - CATALOGING SOURCE | |
| Original cataloging agency | DLC |
| Transcribing agency | DLC |
| Modifying agency | DLC |
| 050 00 - | |
| -- | BV4510.A1 |
| -- | W5 |
| 082 00 - DEWEY DECIMAL CLASSIFICATION NUMBER | |
| Classification number | 230.99 |
| Edition information | 19 |
| Item number | WIE |
| 100 1# - MAIN ENTRY--PERSONAL NAME | |
| Personal name | Wierwille, Victor Paul. |
| 9 (RLIN) | 6241 |
| 245 10 - TITLE STATEMENT | |
| Title | Studies in abundant living. |
| 260 ## - PUBLICATION, DISTRIBUTION, ETC. | |
| Place of publication, distribution, etc. | New Knoxville, Ohio, |
| Name of publisher, distributor, etc. | American Christian Press |
| Date of publication, distribution, etc. | [1971-<1985 > |
| 300 ## - PHYSICAL DESCRIPTION | |
| Extent | v. <1-5 > |
| Dimensions | 20 cm. |
| 505 1# - FORMATTED CONTENTS NOTE | |
| Formatted contents note | v. 1. The Bible tells me so.--v. 2. The new, dynamic church.--v. 3. The word's way.--v. 4. God's magnified word.--v. 5. Order my steps in Thy word. |
| 650 #0 - SUBJECT ADDED ENTRY--TOPICAL TERM | |
| Topical term or geographic name entry element | Christian life |
| General subdivision | Biblical teaching. |
| 9 (RLIN) | 1788 |
| 906 ## - LOCAL DATA ELEMENT F, LDF (RLIN) | |
| a | 7 |
| b | cbc |
| c | orignew |
| d | 2 |
| e | ncip |
| f | 19 |
| g | y-gencatlg |
| 942 ## - ADDED ENTRY ELEMENTS (KOHA) | |
| Source of classification or shelving scheme | Dewey Decimal Classification |
| Koha item type | Books |
| Koha issues (borrowed), all copies | 1 |
| Withdrawn status | Lost status | Source of classification or shelving scheme | Damaged status | Not for loan | Home library | Current Library | Shelving location | Date acquired | Total checkouts | Full call number | Barcode | Date last seen | Date last checked out | Copy number | Price effective from | Koha item type |
|---|---|---|---|---|---|---|---|---|---|---|---|---|---|---|---|---|
| Dewey Decimal Classification | GRACE BIBLE COLLEGE | GRACE BIBLE COLLEGE | Theology | 2017-10-11 | 1 | 230.99 WIE | 007182 | 2025-05-01 | 2021-04-07 | v.2 | 2017-10-11 | Books |